|
|
|
|
| LEADER |
00000nam a2200000 a 4500 |
| 001 |
vtls010088997 |
| 003 |
SK-MaSNL |
| 005 |
20260415120255.0 |
| 008 |
251104s2009 xo o g c 000 0bslo |
| 015 |
|
|
|a SNBE2011/02-00965
|
| 020 |
|
|
|a 9788085140408
|q (brož.)
|
| 040 |
|
|
|a SNK
|b slo
|c SNK
|e AACR2
|
| 041 |
0 |
|
|a slo
|a eng
|
| 043 |
|
|
|a e-xo---
|
| 044 |
|
|
|a xo
|c SK
|
| 072 |
|
7 |
|a 75
|x Maliarstvo
|2 konspekt
|
| 080 |
|
|
|a 75
|2 2001
|
| 080 |
|
|
|a 7.036/.38
|2 2001
|
| 080 |
|
|
|a 75.071.1-055.2
|2 2001
|
| 080 |
|
|
|a 7.038.54
|2 2001
|
| 080 |
|
|
|a (437.6)
|2 2001
|
| 080 |
|
|
|a (083.824)
|2 2001
|
| 100 |
1 |
|
|a Sadovská, Dorota,
|d 1973-
|4 art
|9 1636952
|
| 245 |
1 |
0 |
|a Dorota Sadovská. Bledomodrá cesta
|b Galéria Miloša Alexandra Bazovského v Trenčíne : 5. december 2008-8. marec 2009 ; Galéria Petra Michala Bohúňa v Liptovskom Mikuláši : 12. marec-10. máj 2009
|c [kurátor výstavy: Danica Lovišková ; texty: Daniela Čarná, Danica Lovišková, Dorota Sadovská]
|
| 246 |
3 |
0 |
|a Bledomodrá cesta
|
| 246 |
1 |
1 |
|a Pale blue Path
|
| 250 |
|
|
|a [1. vyd.]
|
| 260 |
|
|
|a Trenčín
|b Galéria M. A. Bazovského
|c 2009
|
| 300 |
|
|
|a 27 s.
|b fotogr.
|c 30 cm
|
| 366 |
|
|
|e 300 kusov
|
| 500 |
|
|
|a S finančnou podporou MK SR
|
| 504 |
|
|
|a Biogr. údaje. Prehľad výstav
|
| 546 |
|
|
|a Súbež. text angl.
|
| 600 |
1 |
7 |
|a Sadovská, Dorota,
|d 1973-
|2 SNKMA
|9 1636952
|
| 648 |
|
7 |
|a 20.-21. stor.
|2 SNKPH
|9 270701
|
| 650 |
0 |
7 |
|a slovenské maliarstvo
|2 SNKPH
|9 3124
|
| 650 |
0 |
7 |
|a maliarky
|2 SNKPH
|9 93021
|
| 651 |
|
7 |
|a výtvarné inštalácie
|2 SNKPH
|9 541863
|
| 651 |
|
7 |
|a Slovensko
|2 SNKPH
|9 14231
|
| 655 |
|
7 |
|a katalógy výstav
|2 SNKPH
|9 70445
|
| 700 |
1 |
|
|a Lovišková, Danica
|4 cur
|4 aut
|9 5533
|
| 700 |
1 |
|
|a Čarná, Daniela,
|d 1977-
|4 aut
|9 110950
|
| 700 |
1 |
|
|a Sadovská, Dorota,
|d 1973-
|4 aut
|9 1636952
|
| 919 |
|
|
|a 978-80-85140-40-8
|
| 999 |
|
|
|c 833451
|d 835381
|
| 952 |
|
|
|a SNK
|b SNK
|y PREZ
|7 0
|p 17A0657254
|o snkOSB 15799
|i snk2010/8685
|8 0
|0 0
|1 0
|4 0
|d 2010-04-27
|l 0
|r 2026-02-24 03:45:22
|w 2026-02-24
|
| 952 |
|
|
|a SNK
|b SNK
|y VYP
|7 0
|p 17A0663310
|o snkOSB 15799 D1
|i snk2010/12450
|8 0
|z + 1 MPL
|0 0
|1 0
|4 0
|d 2010-06-08
|l 0
|r 2026-02-24 03:45:22
|w 2026-02-24
|